Normal view
MARC view
- Pharmacology and Therapeutics M Phil. -Thesis.
Entry Topical Term
001 - CONTROL NUMBER
- control field: 30655
003 - CONTROL NUMBER IDENTIFIER
- control field: NUST
005 - DATE AND TIME OF LATEST TRANSACTION
- control field: 20200923113929.0
008 - FIXED-LENGTH DATA ELEMENTS
- fixed length control field: 200923|| aca||aabn | a|a d
040 ## - CATALOGING SOURCE
- Original cataloging agency: NUST
- Transcribing agency: NUST
150 ## - HEADING--TOPICAL TERM
- Topical term or geographic name entry element: Pharmacology and Therapeutics M Phil. -Thesis.
670 ## - SOURCE DATA FOUND
- Source citation: Work cat.: (NUST): Nazeer, Khalida 30654, EARLY DETECTION OF DOXORUBICIN INDUCED TOXICITY AND ITS PREVENTION WITH CARVEDILOL AND ALPHATOCOPHEROL IN RABBITS /, 2012.
